| 000 | 00000nam##2200000za#4500 |
| 001 | 9.578505 |
| 003 | CaOODSP |
| 005 | 20210624190123 |
| 007 | cr ||||||||||| |
| 008 | 150406|2011||||xxc|||||o f|0| 0 eng|d |
| 022 | |a1919-5044 |
| 040 | |aCaOODSP|beng |
| 043 | |an-cn--- |
| 086 | 1 |aFs70-5/2011-133E-PDF |
| 110 | 1 |aCanada. |bDepartment of Fisheries and Oceans. |
| 245 | 10|aUpdated methods for assessing harvest rules for Fraser River sockeye salmon (Oncorhynchus nerka) / |h[electronic resource]|c[by] Gottfried Pestal, Ann-Marie Huang, Alan Cass and the FRSSI Working Group. |
| 260 | |aDelta - British Columbia : |bFisheries and Oceans Canada |cc2012. |
| 300 | |a182p.|bfigs., graphs, references, tables |
| 490 | 1 |aCanadian Science Advisory Secretariat research document|x1919-5044|v2011/133, Pacific Region |
| 546 | |aText in English, abstracts in both languages. |
| 590 | |a14-02-Supp|b2014-01-08 |
| 830 | #0|aResearch document (Canadian Science Advisory Secretariat)|x1919-5044|v2011/133, Pacific Region|w(CaOODSP)9.507396 |
| 856 | 40|ahttp://publications.gc.ca|qPDF|s11562 KB|uhttps://publications.gc.ca/collections/collection_2013/mpo-dfo/Fs70-5-2011-133-eng.pdf|y2011/133, Pacific Region |